• 首页
  • 本馆介绍
  • 公告通知
  • 最新文献
  • 馆藏检索
  • 电子资源
  • 读者导购
  • 参考咨询
  • 我的图书馆
  • 登录
  • 详细信息显示
  • 放入我的书架
  • 预约/预借图书
  • 作者相关作品
  • 分类相关作品
  • 丛书相关作品
  • 出版社相关作品

书目信息

  • 表格格式
  • 工作单格式
  • 卡片格式
题名:
韬奋新闻工作文集
    
 
作者: 邹韬奋 著 ;穆欣 编
分册:  
出版信息: 北京   新华出版社  1985
页数: 388页
开本: 20cm
丛书名:
单 册:
中图分类: G219.29 , G21
科图分类:
主题词: 新闻工作--文集--中国--现代 , 新闻学 , 新闻工作
电子资源:
ISBN:
000 00757nam0 2200289 45
001 0185003002
005 20040427111123.2
010    @dCNY1.95
091    @a7203.096
100    @a19900816d1985 k y0chiy0121 ea
101 0  @achi
102    @aCN@b110000
105    @ac z 000yy
106    @ar
200 10 @a韬奋新闻工作文集@Atao fen xin wen gong zuo wen ji@f邹韬奋著@g穆欣编
210    @a北京@c新华出版社@d1985
215    @a388页@c肖像@d20cm
606    @a新闻工作@x文集@y中国@z现代
606 0  @a新闻学
606 0  @a新闻工作
690    @aG219.29@v3
690    @aG21
701  0 @a邹韬奋@Azou tao fen@4著
702  0 @a穆欣@Amu xin@4编
801  0 @aCN@b深圳图书馆@c20040427
801  2 @aCN@bNLC@c20040427
905    @f2@b153364-365@dG21@e53
    
    韬奋新闻工作文集/邹韬奋著/穆欣编.-北京:新华出版社,1985
    388页:肖像;20cm
    
    
    ISBN :CNY1.95
    
●
相关链接 在E读中查询图书 在五车中查询图书 在当当中查询图书 在豆瓣中查询图书


正题名:韬奋新闻工作文集     索取号:G21/53         预约/预借

序号 登录号 条形码 馆藏地/架位号 状态 备注
1 0153362   001756709   密集书库/ [索取号:G21/53] 在馆    
2 0153363   001756665   密集书库/ [索取号:G21/53] 在馆    
3 0153364   000495903   第一样本阅览室/ [索取号:G21/53] 在馆    
4 0153365   000495912   密集书库/ [索取号:G21/53] 在馆    
5 0153366   001756745   密集书库/ [索取号:G21/53] 在馆    
唐山师范学院图书馆 欢迎您!
大连网信软件有限公司© 版权所有